Normal view
MARC view
- الفقه الحنبلي - ابن حنبل، احمد بن محمد بن حنبل 164-241 هجري
Entry Topical Term
001 - CONTROL NUMBER
- control field: 17855
003 - CONTROL NUMBER IDENTIFIER
- control field: JO-AjAnu
005 - DATE AND TIME OF LATEST TRANSACTION
- control field: 20230606073139.0
008 - FIXED-LENGTH DATA ELEMENTS
- fixed length control field: 230606|| aca||aabn | a|a d
040 ## - CATALOGING SOURCE
- Original cataloging agency: JO-AjAnu
- Transcribing agency: JO-AjAnu
150 ## - HEADING--TOPICAL TERM
- Topical term or geographic name entry element: الفقه الحنبلي - ابن حنبل، احمد بن محمد بن حنبل 164-241 هجري
670 ## - SOURCE DATA FOUND
- Source citation: Work cat.: (JO-AjAnu)9170: المصري، منصور بن يونس البهوتى؛ تحقيق وتعليق نجاشي علي إبراهيم, author 17854, الروض المربع في مذهب الإمام أحمد بن حنبل، ج1